Carbon-energy taxation : lessons from Europe (Record no. 123945)

MARC details
000 -LEADER
fixed length control field 00904nam a2200265Ia 4500
008 - FIXED-LENGTH DATA ELEMENTS--GENERAL INFORMATION
fixed length control field 191130s2009##################000#0#eng##
020 ## - INTERNATIONAL STANDARD BOOK NUMBER
ISBN 9780199570683
082 ## - DEWEY DECIMAL CLASSIFICATION NUMBER
Classification number 336.27836 AND
245 ## - TITLE STATEMENT
Title Carbon-energy taxation : lessons from Europe
Statement of responsibility, etc edited by Mikael Skou Andersen and Paul Ekins
260 ## - PUBLICATION, DISTRIBUTION, ETC. (IMPRINT)
Place of publication Oxford
Name of publisher Oxford University Press
Year of publication 2009
300 ## - PHYSICAL DESCRIPTION
Number of Pages xxviii, 313 p. : ill. ; 25 cm
500 ## - GENERAL NOTE
General note Includes bibliographical references and index
650 ## - SUBJECT ADDED ENTRY--TOPICAL TERM
Topical Term Carbon dioxide mitigation - Europe
Topical Term Carbon taxes - Europe
Topical Term Emissions trading - Europe
Topical Term Environmental impact charges - Europe
Topical Term Environmental policy - Economic aspects - Europe
700 ## - ADDED ENTRY--PERSONAL NAME
Personal name Andersen, Mikael Skou
Personal name Ekins, Paul
991 ## -
-- 213575
Holdings
Withdrawn status Lost status Damaged status Not for loan Home library Current library Shelving location Date acquired Full call number Accession Number Price effective from Koha item type
        Anna Centenary Library Anna Centenary Library 4TH FLOOR, A WING 12.10.2020 336.27836 AND 139526 12.10.2020 English Books

Find us on the map